El Palacio Güell ya es museo /
Descripción Física:
Il·lustracions
Colección:
San Jorge,
; núm. 15 (juliol 1954), pàg 45-52
Materias:
Gaudí, Antoni, -- 1852-1926
; Palau Güell (Barcelona)
; Modernisme (Arquitectura) -- Barcelona (Catalunya)
Idioma:
Español
MARC
| LEADER | 00000naa a2200000 a 4500 | ||
|---|---|---|---|
| 003 | Arxiu | ||
| 005 | 20260324181047.0 | ||
| 008 | 160829s1954 spcaxx s spa c | ||
| 040 | |a agdb | ||
| 100 | 1 | |a Baldrich i Tibau, Manuel, |d 1911-1966 |9 21224 | |
| 245 | 1 | 3 | |a El Palacio Güell ya es museo / |c por Manuel Baldrich, arquitecto provincial |
| 300 | |b Il·lustracions | ||
| 490 | |a San Jorge, |v núm. 15 (juliol 1954), pàg 45-52 | ||
| 590 | |a Fotografies: Publifoto | ||
| 600 | 1 | 0 | |a Gaudí, Antoni, |d 1852-1926 |9 51678 |
| 610 | 2 | 0 | |a Palau Güell (Barcelona) |9 17034 |
| 650 | 0 | |a Modernisme (Arquitectura) |z Barcelona (Catalunya) |9 38366 | |
| 773 | |g Núm. 15 (juliol 1954), pàg 45-52 |t San Jorge. | ||
| 901 | |a Arxiu | ||
| 942 | |n 1 |2 udc |c ART | ||
| 952 | |0 0 |1 0 |4 0 |6 REV509 |7 1 |9 64828 |a Arxiu |b Arxiu |d 2022-12-15 |l 0 |o Rev-509 |r 2022-12-15 00:00:00 |w 2022-12-15 |y ARXIU |z També disponible a Rev-523 | ||
| 999 | |c 52208 |d 52208 | ||